Catálogo público

Impacto de la asesoría profesional en el desarrollo integral de una agroempresa de bovinos lecheros. / (Record no. 169787)

MARC details
000 -CABECERA
campo de control de longitud fija 01299nam a2200349Ia 4500
001 - NÚMERO DE CONTROL
campo de control Z_6520
003 - IDENTIFICADOR DEL NÚMERO DE CONTROL
campo de control CHAP
005 - FECHA Y HORA DE LA ÚLTIMA TRANSACCIÓN
campo de control 20231128192036.0
008 - DATOS DE LONGITUD FIJA--INFORMACIÓN GENERAL
campo de control de longitud fija 220113s2010 xx 000 0 und d
010 ## - NÚMERO DE CONTROL DE LA BIBLIOTECA DEL CONGRESO
Número de control de LC 169787
040 ## - FUENTE DE LA CATALOGACIÓN
Centro/agencia transcriptor CHAP
090 ## - LOCALMENTE ASIGNADO TIPO-LC NÚMERO DE CLASIFICACIÓN (OCLC); NÚMERO DE CLASIFICACIÓN LOCAL (RLIN)
Número de clasificación (OCLC) (R) ; Numero de clasificación, CALL (RLIN) (NR) Tesis T 78 2282
100 ## - ENTRADA PRINCIPAL--NOMBRE DE PERSONA
Nombre de persona Trujillo López, Efrén
9 (RLIN) 115408
245 ## - MENCIÓN DE TÍTULO
Título Impacto de la asesoría profesional en el desarrollo integral de una agroempresa de bovinos lecheros. /
Mención de responsabilidad, etc. Efren Trujillo López.
260 ## - PUBLICACIÓN, DISTRIBUCIÓN, ETC.
Lugar de publicación, distribución, etc. México :
Nombre del editor, distribuidor, etc. El autor,
Fecha de publicación, distribución, etc. 2010
300 ## - DESCRIPCIÓN FÍSICA
Extensión CD
502 ## - NOTA DE TESIS
Nota de tesis Tesis (Ingeniero Agrónomo Especialista en Zootecnia) -- UACh, 2010 \ Dirección: Heriberto Estrella Quintero; asesoría: Dolores Valentina Mariscal Aguayo y Rafael Nuñez Domínguez.
650 ## - PUNTO DE ACCESO ADICIONAL DE MATERIA--TÉRMINO DE MATERIA
Término de materia o nombre geográfico como elemento de entrada Asesoría profesional
9 (RLIN) 145040
650 ## - PUNTO DE ACCESO ADICIONAL DE MATERIA--TÉRMINO DE MATERIA
Término de materia o nombre geográfico como elemento de entrada Bovino de leche
9 (RLIN) 145041
650 ## - PUNTO DE ACCESO ADICIONAL DE MATERIA--TÉRMINO DE MATERIA
Término de materia o nombre geográfico como elemento de entrada Desarrollo empresarial.
9 (RLIN) 145042
650 ## - PUNTO DE ACCESO ADICIONAL DE MATERIA--TÉRMINO DE MATERIA
Término de materia o nombre geográfico como elemento de entrada Diagnostico integral
9 (RLIN) 145043
650 ## - PUNTO DE ACCESO ADICIONAL DE MATERIA--TÉRMINO DE MATERIA
Término de materia o nombre geográfico como elemento de entrada Ganado bovino
9 (RLIN) 138033
700 ## - PUNTO DE ACCESO ADICIONAL--NOMBRE DE PERSONA
Nombre de persona Mariscal Aguayo, Dolores Valentina, asesor
9 (RLIN) 145044
700 ## - PUNTO DE ACCESO ADICIONAL--NOMBRE DE PERSONA
Nombre de persona Nuñez Domínguez, Rafael, asesor.
9 (RLIN) 144192
700 ## - PUNTO DE ACCESO ADICIONAL--NOMBRE DE PERSONA
Nombre de persona Estrella Quintero, Heriberto, director
9 (RLIN) 145045
856 42 - LOCALIZACIÓN Y ACCESO ELECTRÓNICOS
Identificador Uniforme del Recurso <a href="http://10.13.5.2/tesis/111180.pdf">http://10.13.5.2/tesis/111180.pdf</a>
Texto de enlace Descargar PDF
901 ## - ELEMENTOS DE DATOS A LOCAL LDA (RLIN)
a TESIS T 78 2282
902 ## - ELEMENTOS DE DATOS B LOCAL, LDB (RLIN)
a A
910 ## - DATOS DE OPCIÓN DEL USUARIO (OCLC)
Datos de opción del usuario 2010
942 ## - ELEMENTOS DE PUNTO DE ACCESO ADICIONAL (KOHA)
Tipo de ítem Koha Tesis_
Fuente del sistema de clasificación o colocación Dewey Decimal Classification
942 ## - ELEMENTOS DE PUNTO DE ACCESO ADICIONAL (KOHA)
Tipo de ítem Koha Tesis_
Fuente del sistema de clasificación o colocación Dewey Decimal Classification
Holdings
Estado de retiro Estado de pérdida Fuente del sistema de clasificación o colocación Estado dañado No para préstamo Código de colección Localización permanente Ubicación/localización actual Fecha de adquisición Fuente de adquisición Total de préstamos Signatura topográfica completa Código de barras Fecha visto por última vez Número de copia Precio válido a partir de Tipo de ítem Koha
    Clasificación Universidad Autónoma de Chapingo   Excluido de préstamo Tesis digitales de Licenciatura Zootecnia Zootecnia 29/11/2014 El autor   Tesis T78 2282 z_T 4059 18/01/2022 1 18/01/2022 CD
    Clasificación Universidad Autónoma de Chapingo   Excluido de préstamo Tesis digitales de Licenciatura Zootecnia Zootecnia 29/11/2014 El autor   Tesis T78 2282 z_T 4060 18/01/2022 2 18/01/2022 CD